The emancipation moment

שמור ב:
מידע ביבליוגרפי
מחבר ראשי: Davis, David Brion (Author)
פורמט: ספר
שפה:אנגלית
יצא לאור: Gettysburg Gettysburg College 1983
סדרה:Fortenbaugh Memorial Lecture Gettysburg College
נושאים:
תגים: הוספת תג
אין תגיות, היה/י הראשונ/ה לתייג את הרשומה!

MARC

LEADER 00000nam a2200000 a 4500
001 UCH1429
003 CL-VaPUC
008 090427e19830000us |||||||||||||||||eng|d
082 0 4 |a 973.7  |b DAV  |2 21 
100 0 |a Davis, David Brion  |e author  |9 535915 
245 1 4 |a The emancipation moment 
300 |a 23 p 
942 |c BK 
945 |d 20090427 00:00:00  |a rbrito 
260 |a Gettysburg  |b Gettysburg College  |c 1983 
600 0 |a Lincoln, Abraham,  |d 1809-1865  |9 321765 
650 0 |a Historia de Estados Unidos  |9 354186 
650 0 |a Guerra civil  |9 320243 
651 0 |a Estados Unidos  |9 255178 
583 |a last modification  |c 20171218 11:50:27  |k Rodrigo Vera 
490 0 |a Fortenbaugh Memorial Lecture Gettysburg College 
999 |c 333468  |d 333466 
952 |0 0  |1 0  |4 0  |6 973_700000000000000_DAV_1983  |7 0  |8 A  |9 421903  |a BIBHIS  |b BIBHIS  |d 2019-11-22  |i 4539532  |o 973.7 DAV 1983  |p 4539532  |r 2025-01-20  |w 2019-11-22  |y BK  |k HIS